LEADER 01144nam a2200277 i 4500 001 000000190288 003 CaOOAMICUS 005 20190109095304.0 008 100607s1995 fr u000 u fre u 013 $a168656 020 $a2-7101-1129-2 040 $aSeMil$bita 100 1 $aLagarde, Claude <1937- >.$0(OLS)http://semarc/name/90302 245 10$aPour une pédagogie de la parole :$bde la culture à l'éthique /$cClaude Lagarde ... [et al.]. 260 $aParis :$bESF,$c1995. 300 $a175 p. ;$c24 cm. 490 0 $aPédagogies. Outils [ESF] 650 4$aLinguaggio - Insegnamento.$0(OLS)http://semarc/subject/35887 830 0$aPédagogies. Outils.$0(OLS)http://semarc/title/31359 850 $aSeMil 852 $aSeMil$W1$xVenegono$y1$m2Q IV 165$j140916$B140916$CSeMilBibl$Z2$F152613 $81 961 $aOmaggio: Bressan don Luca 996 $6020$a2-7101-1129-2$9(OLS)http://semarc/number/181172 996 $6245$aPour une pédagogie de la parole :$bde la culture à l'éthique$9(OLS)http://semarc/title/274133 996 $6260$aParis :$bESF$9(OLS)http://semarc/publisher/35912 LEADER 01267nam a2200253 i 4500 001 000000140812 003 CaOOAMICUS 005 20050628000000.0 008 050628s1974 it u000 u ita u 013 $a115013 040 $aSeMil$bita 100 1 $aMiller, William D.$0(OLS)http://semarc/name/56720 240 03$aIl lavoratore cattolico nel profondo dell'«America rifiutata.$0(OLS)http://semarc/title/205751 245 13$aIl lavoratore cattolico nel profondo dell'«America rifiutata» :$bstoria del «Catholic Worker Movement» 1932-1943 /$cWilliam D. Miller. 260 $aMilano :$bJaca Book,$c1974. 300 $a174 p. ;$c23 cm. 490 0 $aCronache alla prova. Chiesa e società : Serie periodiche ;$v42 500 $aFondo Card. giovanni Colombo. 830 0$aCronache alla prova. Chiesa e società. Serie periodiche ;$v42.$0(OLS)http://semarc/title/16822 850 $aSeMil 852 $aSeMil$W1$xVenegono$y1$m3U V 409$j94106$B94106$CSeMilBibl$Z2$F99536 $81 961 $aLascito: Colombo Card. Giovanni 996 $6245$aIl lavoratore cattolico nel profondo dell'«America rifiutata» :$bstoria del «Catholic Worker Movement» 1932-1943$9(OLS)http://semarc/title/205752 996 $6260$aMilano :$bJaca Book$9(OLS)http://semarc/publisher/29781